MARC details
| 000 -LEADER |
| fixed length control field |
01496cam a2200349Ia 4500 |
| 001 - CONTROL NUMBER |
| control field |
zsdlsd b945578 |
| 003 - CONTROL NUMBER IDENTIFIER |
| control field |
OCoLC |
| 005 - DATE AND TIME OF LATEST TRANSACTION |
| control field |
20240520194827.0 |
| 008 - FIXED-LENGTH DATA ELEMENTS--GENERAL INFORMATION |
| fixed length control field |
980528s1997 mx a j 000 1 spa d |
| 020 ## - INTERNATIONAL STANDARD BOOK NUMBER |
| International Standard Book Number |
9681654633 : |
| Terms of availability |
$6.99 |
| 020 ## - INTERNATIONAL STANDARD BOOK NUMBER |
| International Standard Book Number |
9789681654634 |
| 040 ## - CATALOGING SOURCE |
| Original cataloging agency |
SJP |
| Transcribing agency |
SJP |
| Modifying agency |
BKL |
| -- |
OCL |
| -- |
JTB |
| 041 1# - LANGUAGE CODE |
| Language code of text/sound track or separate title |
spa |
| Language code of summary or abstract |
por |
| 092 0# - LOCALLY ASSIGNED DEWEY CALL NUMBER (OCLC) |
| Classification number |
SPA FIC/MACHADO |
| 100 1# - MAIN ENTRY--PERSONAL NAME |
| Personal name |
Machado, Ana Maria, |
| Dates associated with a name |
1941- |
| 240 10 - UNIFORM TITLE |
| Uniform title |
<a href="Bisa bia, bisa bel.">Bisa bia, bisa bel.</a> |
| Language of a work |
Spanish. |
| 245 10 - TITLE STATEMENT |
| Title |
Bisa Bea, bisa Bel / |
| Statement of responsibility, etc. |
Ana Maria Machado ; ilustraciones de Vicent Marco ; traduccion de Fatima Andreu. |
| 250 ## - EDITION STATEMENT |
| Edition statement |
2a ed. |
| 260 ## - PUBLICATION, DISTRIBUTION, ETC. (IMPRINT) |
| Place of publication, distribution, etc. |
Mexico, D.F. : |
| Name of publisher, distributor, etc. |
Fondo de Cultura Economica, |
| Date of publication, distribution, etc. |
1997. |
| 300 ## - PHYSICAL DESCRIPTION |
| Extent |
76 p. : |
| Other physical details |
ill. ; |
| Dimensions |
19 cm. |
| 440 #2 - SERIES STATEMENT/ADDED ENTRY--TITLE |
| Title |
A la orilla del viento ; |
| Volume/sequential designation |
98. |
| 500 ## - GENERAL NOTE |
| General note |
"Para los que leen bien"--P. [4] of cover. |
| 500 ## - GENERAL NOTE |
| General note |
Translation of: Bisa Bia, Bisa Bel. |
| 520 ## - SUMMARY, ETC. |
| Summary, etc. |
Isabel is enchanted with an old photograph of her great-grandmother, taken when she was about Isabel's age. An imaginary dialogue develops between the two and from the mixture of the two generations with their differing points of view, clothes and lifestyles, a new personage emerges. A picture of life in Brazil is given through the eyes of Isabel and her great-grandmother. |
| 521 1# - TARGET AUDIENCE NOTE |
| Target audience note |
007-009. |
| 650 #0 - SUBJECT ADDED ENTRY--TOPICAL TERM |
| Topical term or geographic name as entry element |
Great-grandmothers |
| Form subdivision |
Fiction. |
| 650 #0 - SUBJECT ADDED ENTRY--TOPICAL TERM |
| Topical term or geographic name as entry element |
Conflict of generations |
| Form subdivision |
Fiction. |
| 651 #0 - SUBJECT ADDED ENTRY--GEOGRAPHIC NAME |
| Geographic name |
Brazil |
| Form subdivision |
Fiction. |
| 700 1# - ADDED ENTRY--PERSONAL NAME |
| Personal name |
Marco, Vicent |
| Relator term |
illustrator |
| 700 1# - ADDED ENTRY--PERSONAL NAME |
| Personal name |
Andreu, Fatima. |
| Relator term |
translator |
| 942 ## - ADDED ENTRY ELEMENTS (KOHA) |
| Koha item type |
Libro/Book |
| Source of classification or shelving scheme |
Dewey Decimal Classification |